000 01167nam a22003737a 4500
001 BR9507110
003 BR-BrBNA
005 20230928094707.0
007 ta
008 230509b bl.||||| |||| 00| 0 por d
040 _aBR-BrBNA
_bpor
_cBiblioteca Nacional de Agricultura
041 _a(Por)
072 _aU40
090 _ U40 BR9507110
100 1 _aRamalho, M.L.M.
100 1 _aMartins, M.L.R.
100 1 _aSampaio, M.A.B.
100 1 _aCruz, M.L.B. da
100 1 _aCosta, R.N.S. da
100 1 _aSoares, Z.M.L.
100 1 _aMedeiros, J.S. de
100 1 _aSouza, M.J.N. de
110 1 _aFundacao Grupo Esquel, Fortaleza, CE (Brasil)
_94907
111 1 _aConferencia Nacional e Seminario Latino Americano da Desertificacao
_cFortaleza, CE (Brazil)
_d7-11 Mar 1994
245 1 _aCobertura vegetal e antropismo no Estado do Ceara: uma abordagem utilizando imagens TM - LANDSAT 5
260 3 _aFortaleza, CE (Brasil):
_c1994.
300 _a20 p.
500 _aSummaries (Eng, Por); 21 ref.
650 _aCobertura Vegetal
650 _aSensoriamento Remoto
650 _aMapa
909 _a202309
_bLucia
_c55
_dLucia Elande
942 _cBK
999 _c52121
_d52121